| 000 | 00354nam a2200157Ia 4500 | ||
|---|---|---|---|
| 999 |
_c5873 _d5873 |
||
| 003 | OSt | ||
| 008 | 191201s2014 xx 000 0 und d | ||
| 082 |
_a624.1821 _bDUD |
||
| 100 | _aDUGGAL, SK | ||
| 245 | 0 | _aDesign of Steel Structures | |
| 250 | _a19th | ||
| 260 |
_aN. delhi _bTMH _c2014 |
||
| 300 | _a839 | ||
| 650 | _aB.Tech(CE) | ||
| 942 |
_2ddc _cBK _013 |
||